00530nam a22001697a 4500003000900000008004100009040007100050082001800121100003200139245002400171260003300195300002700228505003300255650002100288650002300309650002800332AR-CdUCM190430b ||||| |||| 00| 0 spa d aMUNICIPALIDAD PROVINCIAL DEL CUSCOcBIBLIOTECA MUNICIPAL DEL CUSCO a869.56 /bH96 aHurtado de Mendoza, William aEcos de mi pueblo / aCuzco :bH. G. Rozas,c1967. a39 páginas ;c24 cm. aContenido: Poesía peruana. aPoesía peruana aPoemas cusqueños aPoesía de los pueblos